Normal view MARC view

Entry Personal Name

Number of records used in: 1

001 - CONTROL NUMBER

  • control field: 156382

003 - CONTROL NUMBER IDENTIFIER

  • control field: OSt

005 - DATE AND TIME OF LATEST TRANSACTION

  • control field: 20220923210933.0

008 - FIXED-LENGTH DATA ELEMENTS

  • fixed length control field: 220923|| aca||aabn | a|a d

040 ## - CATALOGING SOURCE

  • Original cataloging agency: OSt
  • Transcribing agency: OSt

100 ## - HEADING--PERSONAL NAME

  • Personal name: वर्मा, मोतीराम, ले

670 ## - SOURCE DATA FOUND

  • Source citation: Work cat.: (OSt)293052: वर्मा, मोतीराम, ले., लक्षित मुक्तिबोध, 2004
Copyright @ Delhi University Library System